Personnages d'anime (manga) en images - Y - Statistiques

Statistiques générales
  • Ce quiz a été pris 210 fois
    180 depuis la dernière actualisation
  • Le résultat moyen est 5 sur 20
Statistiques - réponses
Par images Réponse % Correct
Yuji Itadori
96%
Yugi Muto
88%
Yor Forger
75%
Yami Sukehiro
64%
Yusuke Makishima
26%
Yusuke Urameshi
25%
Yona
20%
Yukine
16%
Yuri Nakamura
14%
Yuto Kido
10%
Yue
8%
Yunyun
7%
Yume
5%
Yaga
4%
Yin
4%
Yuma Kuga
4%
Yoichi Kuramochi
2%
Yaeka Sakuragi
1%
Yayoi Kunizuka
1%
Yoshitake Shiraishi
1%
Aucun quiz correspondant
Distribution des résultats
% des personnes avec chaque résultat
Percentile par nombre de réponses
Votre historique - résultats
Vous n’avez pas pris ce quiz depuis la dernière actualisation